| 000 | 00616nam a22001937a 4500 | ||
|---|---|---|---|
| 005 | 20251108164012.0 | ||
| 008 | 250721s1999 xx 000 0 ara d | ||
| 082 | 1 | 4 | _a915.6/خفا |
| 100 | 1 | _aالخفاف، عبد علي | |
| 245 | 1 | 0 | _aدراسات في التراث الجغرافي العربي الإسلامي / |
| 264 | 1 |
_aاربد : _bدار الكندي، _c1999. |
|
| 300 | _a148ص | ||
| 650 | 1 | 7 | _aالجفرافيا |
| 650 | 1 | 7 | _aالبلدان العربية |
| 650 | 1 | 7 | _aالجغرافيا التاريخية |
| 700 | 1 | _aالمومني، محمد أحمد | |
| 942 |
_2ddc _cBK |
||
| 999 |
_c1132 _d1132 |
||